Guide for participants in peace, stability, and relief operations / (Record no. 2648)

MARC details
000 -LEADER
fixed length control field 01834cam a2200361 a 4500
001 - CONTROL NUMBER
control field 2648
003 - CONTROL NUMBER IDENTIFIER
control field FISKH
005 - DATE AND TIME OF LATEST TRANSACTION
control field 20240108143756.0
008 - FIXED-LENGTH DATA ELEMENTS--GENERAL INFORMATION
fixed length control field 060530s2007 dcua b 001 0 eng
010 ## - LIBRARY OF CONGRESS CONTROL NUMBER
LC control number 2006017695
020 ## - INTERNATIONAL STANDARD BOOK NUMBER
International Standard Book Number 9781601270009 (pbk. : alk. paper)
020 ## - INTERNATIONAL STANDARD BOOK NUMBER
International Standard Book Number 9781601270009
020 ## - INTERNATIONAL STANDARD BOOK NUMBER
International Standard Book Number 1601270003 (pbk. : alk. paper)
020 ## - INTERNATIONAL STANDARD BOOK NUMBER
International Standard Book Number 9781601270016 (hard cover : alk. paper)
020 ## - INTERNATIONAL STANDARD BOOK NUMBER
International Standard Book Number 1601270011 (hard cover : alk. paper)
040 ## - CATALOGING SOURCE
Original cataloging agency DLC
Transcribing agency DLC
Modifying agency DLC
Language of cataloging eng
042 ## - AUTHENTICATION CODE
Authentication code pcc
050 00 - LIBRARY OF CONGRESS CALL NUMBER
Classification number JZ6374
Item number .G85 2007
082 00 - DEWEY DECIMAL CLASSIFICATION NUMBER
Classification number 341.5/84
Edition number 22
100 ## - MAIN ENTRY--PERSONAL NAME
Personal name Perito, Robert M.
245 00 - TITLE STATEMENT
Title Guide for participants in peace, stability, and relief operations /
Statement of responsibility, etc. edited by Robert Perito.
260 ## - PUBLICATION, DISTRIBUTION, ETC.
Place of publication, distribution, etc. Washington, D.C. :
Name of publisher, distributor, etc. United States Institute of Peace Press,
Date of publication, distribution, etc. 2007
300 ## - PHYSICAL DESCRIPTION
Extent 379 pages :
Dimensions 21 cm
504 ## - BIBLIOGRAPHY, ETC. NOTE
Bibliography, etc. note Includes bibliographical references (p. 313-325) and index.
505 0# - FORMATTED CONTENTS NOTE
Formatted contents note International organizations : profiles of major international organizations -- Nongovernmental organizations -- Civilian agencies of the U.S. government -- The United States military : the United States military in relief and stability operations.
520 ## - SUMMARY, ETC.
Summary, etc. "The Guide is based on experience gained in Afghanistan, Iraq and many other operations. It will help those in the field to quickly understand their environment, counterparts, and challenges. The Guide updates the Institute's successful Guide to IGOs, NGOs and the Military in Peace and Relief Operations. It combines the knowledge and perspectives of many contributing organizations."--BOOK JACKET.
650 #0 - SUBJECT ADDED ENTRY--TOPICAL TERM
Topical term or geographic name entry element Peacekeeping forces.
650 #0 - SUBJECT ADDED ENTRY--TOPICAL TERM
Topical term or geographic name entry element Disaster relief
General subdivision International cooperation.
650 #0 - SUBJECT ADDED ENTRY--TOPICAL TERM
Topical term or geographic name entry element International cooperation.
700 1# - ADDED ENTRY--PERSONAL NAME
Personal name Perito, Robert,
Dates associated with a name 1942-
906 ## - LOCAL DATA ELEMENT F, LDF (RLIN)
a 7
b cbc
c orignew
d 1
e ecip
f 20
g y-gencatlg
942 ## - ADDED ENTRY ELEMENTS (KOHA)
Source of classification or shelving scheme Dewey Decimal Classification
Koha item type Books
Suppress in OPAC No
Holdings
Withdrawn status Lost status Source of classification or shelving scheme Damaged status Not for loan Collection Home library Current library Shelving location Date acquired Total Checkouts Full call number Barcode Date last seen Price effective from Koha item type
    Dewey Decimal Classification     Non-Fiction Footprints International School Library Network Toul Kork Campus Footprints International School Library Network Toul Kork Campus   01/08/2024   PER 341.5 JZ6374.G85 FISSE03222 01/08/2024 01/08/2024 Books